| 000 | 01116cam a2200277 4500 | ||
|---|---|---|---|
| 001 | ABS64278 | ||
| 008 | 010731n2001 000 0 eng u | ||
| 035 | _a(Sirsi) u113861 | ||
| 100 | _aFleming, D. | ||
| 245 | 4 | _aThe most expensive collapse of all? | |
| 260 | _c2001 | ||
| 490 |
_aNew Civil Engineer _v(1406) 12 July 2001, 14-15(2) |
||
| 520 | _aFollowing the collapse of the doomed Indepdendent Insurance group in June 2001, reports on the fate of contractors, consultants and other clients who held policies with the firm. The cost of replacement polices means that companies could be facing additional costs adding up to millions. According to insurance experts, additional costs could increase by 50% to three times the amount charged by Independent. | ||
| 590 | _aABS | ||
| 650 | _aINDEPENDENT INSURANCE | ||
| 650 | _aCONSTRUCTION FIRMS | ||
| 650 | _aCONTRACTORS | ||
| 650 | _aCONSULTANTS | ||
| 650 | _aINSURANCE POLICIES | ||
| 650 | _aCONSTRUCTION INDUSTRY | ||
| 650 | _aPREMIUMS | ||
| 650 | _aCONSTRUCTION CONFEDERATION | ||
| 650 | _aCLAIMS | ||
| 690 |
_aInsurance _96249 |
||
| 942 | _n0 | ||
| 999 |
_c67836 _d67836 |
||